000 00929nam0a22002651 4500
001 rc\3979366
005 20260406202144.0
021 _aRU
_b[56-37097]
035 _a(NLR Aleph) 008060810
090 _a9001630
_c9001630
100 _a20130415d1956 |||y0rusy50 ca
101 0 _arus
102 _aRU
105 _aa z |||||
200 1 _aДобровольное спортивное общество "Калев"
210 _a[Москва]
_cПрофиздат
_d1956
215 _a27 с.
_cил.
_d20
606 _aФизкультурно-спортивная работа
_yЭстонская ССР
_2psbo
606 _aСпортивные общества
_yЭстонская ССР
_2psbo
712 0 2 _a"Калев", спортивное о-во
_cТаллин
_9420391
_3RU\NLR\AUTH\889962020
801 0 _aRU
_bNLR
_gpsbo
801 1 _aRU
_bELAR
_2rusmarc
852 _aNLR
_jФк02 Г-4/1410
942 _cBOOK
980 _aNB